History of human right from ancient times to the

Saved in:
Bibliographic Details
Main Author: Ishay
Format: Book
Tags: Add Tag
No Tags, Be the first to tag this record!
Call Number :

MARC

LEADER 00000pam a2200000 4500
001 22346
003 MY-KLNDU
005 20241218080929.0
020 0 0 |a 9780520234970 
035 |a 0000036857 
039 9 |a 200911181230  |b VLOAD  |y 200910091718  |z VLOAD 
100 0 0 |a Ishay 
245 0 0 |a History of human right  |b from ancient times to the 
591 |a 0000007547  |b 13/02/09  |c 0200-07  |d 1  |e RM151.07  |f 1  |g 151.07  |h Pustaka Darul Warisan Sdn. Bhd. 
999 |a vtls000032266  |c 22346  |d 22346